| Поле | Инд. | ПП | Название | Значение |
|---|---|---|---|---|
| Тип записи | a | |||
| Библиографический уровень | m | |||
| 001 | Контрольный номер | 5c28f20b-1a84-4026-9f23-09a8b89da882 | ||
| 005 | Дата корректировки | 20131112202450.1 | ||
| 008 | Кодируемые данные | 070910s1982 rur a 000u 0rus d | ||
| 020 | c | Цена, тираж | 70 к. | |
| 040 | a | Служба первич. каталог. | RuMoRKP | |
| 040 | a | Служба первич. каталог. | НБ ТвГУ | |
| 041 | a | Код языка текста | rus | |
| 080 | a | Индекс УДК | 519.23(075.8) | |
| 084 | a | Индекс другой классификации/Индекс ББК | В192.1я73-1 | |
| 090 | x | Авторский знак | Л89 | |
| a | Полочн. индекс | В192.1я73 | ||
| 100 | 1_ | a | Автор | Львовский Евгений Николаевич |
| 245 | 10 | a | Заглавие | Статистические методы построения эмпирических формул |
| b | Продолж. заглавия | [учеб. пособие для втузов] | ||
| c | Ответственность | Е. Н. Львовский | ||
| 260 | 0_ | a | Место издания | Москва |
| b | Издательство | Высш. школа | ||
| c | Дата издания | 1982 | ||
| 300 | a | Объем | 224 с. | |
| b | Иллюстрации/ тип воспроизводства | граф. | ||
| c | Размеры | 22 см. | ||
| 504 | a | Библиография | Библиогр.: с. 212-224. | |
| 650 | a | Основная рубрика | Эксперимент | |
| x | Основная подрубрика | Обработка результатов | ||
| x | Основная подрубрика | Статистические методы | ||
| 650 | a | Основная рубрика | Эмпирические формулы | |
| x | Основная подрубрика | Учебники и пособия | ||
| 653 | a | Ключевые слова | Математическая статистика | |
| 852 | t | Порядковый номер экземпляра | 2 | |
| p | Инвентарный номер | 494901 | ||
| p | Инвентарный номер | 494905 | ||
| 954 | a | Дата поступления на обработку | 20080326 | |
| 999 | a | Подразделение 2 | Фил3 |